[Event "36th Olympiad w"]
[Site "Calvia ESP"]
[Date "2004.10.15"]
[Round "1"]
[White "Burijovich,L"]
[Black "Borda,C"]
[Result "1-0"]
[WhiteElo "2212"]
[BlackElo "2088"]
[EventDate "2004.10.15"]

1. e4 c6 2. d4 d5 3. Nc3 dxe4 4. Nxe4 Nf6 5. Nxf6+ gxf6 6. Be3 Bf5 7. Be2
Nd7 8. g4 Bg6 9. h4 h6 10. h5 Be4 11. f3 Bd5 12. c4 Be6 13. Qc2 Nb6 14.
O-O-O Qc7 15. Nh3 Bg7 16. Nf4 Bd7 17. Nd3 e5 18. Nc5 O-O-O 19. Kb1 Kb8 20.
Rhf1 Bc8 21. f4 Qe7 22. dxe5 Rxd1+ 23. Rxd1 fxe5 24. Qe4 Qe8 25. g5 f5 26.
gxf6 Bxf6 27. Nd3 Nd7 28. fxe5 Ka8 29. Bf4 Bg7 30. Rg1 Qe7 31. Qe3 Re8 32.
Bf3 Bxe5 33. Bxe5 Nxe5 34. Nxe5 Qxe5 35. Qxe5 Rxe5 36. Rg8 Kb8 37. Bg4 b6
38. Rxc8+ Kb7 39. Rg8 Re7 40. Kc2 b5 41. cxb5 cxb5 42. Rg6 Rh7 43. Bf5 Rh8
44. Kc3 a5 45. Kd4 Rc8 46. Bxc8+ 1-0

[Event "36th Olympiad w"]
[Site "Calvia ESP"]
[Date "2004.10.15"]
[Round "1"]
[White "Castillo,Di"]
[Black "Enhjargal,E"]
[Result "1/2-1/2"]
[WhiteElo "2043"]
[BlackElo "2163"]
[EventDate "2004.10.15"]

1. e4 c5 2. Nf3 Nc6 3. c4 g6 4. Nc3 Bg7 5. d3 d6 6. Be3 Nf6 7. h3 O-O 8.
Be2 Nd7 9. Qd2 Re8 10. O-O Nde5 11. Nh2 Nd7 12. Nf3 Nde5 13. Nh2 f5 14. h4
Ng4 15. Nxg4 fxg4 16. f3 gxf3 17. Bxf3 Be6 18. h5 Qd7 19. Bh6 a5 20. Kh1
Ne5 21. hxg6 hxg6 22. Ne2 Nxf3 23. Rxf3 Bf6 24. Nf4 Bg4 25. Rff1 Kf7 26.
Nd5 Rh8 27. Kg1 Be6 28. Nxf6 exf6 29. Bg5 f5 30. exf5 gxf5 31. Qc3 Raf8 32.
Rae1 Kg6 33. Qd2 Rh5 34. Bf4 Rfh8 35. Kf2 Rh4 36. Qe3 Re8 37. Rh1 Bf7 38.
Qg3+ Rg4 39. Qh3 Rxf4+ 40. Kg3 Rg4+ 41. Kf2 Rf4+ 42. Kg3 Rg4+ 43. Kf2 Rf4+
44. Kg3 1/2-1/2

[Event "36th Olympiad w"]
[Site "Calvia ESP"]
[Date "2004.10.15"]
[Round "1"]
[White "Nakagawa,E"]
[Black "Borsuk,A"]
[Result "0-1"]
[WhiteElo "1949"]
[BlackElo "2306"]
[EventDate "2004.10.15"]

1. d4 d6 2. c4 e5 3. dxe5 dxe5 4. Qxd8+ Kxd8 5. Nc3 c6 6. Nf3 f6 7. e4 Be6
8. Be2 Bb4 9. Bd2 Nd7 10. a3 Bxc3 11. Bxc3 Nc5 12. Nd2 Na4 13. Rc1 Ne7 14.
O-O Kc7 15. f3 Rhd8 16. Rfd1 Rd7 17. Nb1 Rad8 18. Rxd7+ Rxd7 19. Kf2 Nc8
20. b4 Rf7 21. Ba1 Nab6 22. c5 Nd7 23. Bc4 Bxc4 24. Rxc4 Nf8 25. Rc2 Ne6
26. Rd2 a5 27. Bc3 Na7 28. Bb2 Nb5 29. Nc3 Nxc3 30. Bxc3 axb4 31. axb4 b6
32. cxb6+ Kxb6 33. Ra2 Rd7 34. Ke3 Nf4 35. Kf2 Ne6 36. Rd2 Rxd2+ 37. Bxd2
Kb5 38. Ke3 Kc4 39. Be1 Nf4 40. g3 Ng2+ 41. Kd2 Nxe1 42. Kxe1 Kxb4 43. Kd2
Kc4 44. Kc2 c5 45. h3 Kd4 0-1

[Event "36th Olympiad w"]
[Site "Calvia ESP"]
[Date "2004.10.15"]
[Round "1"]
[White "Medic,Mir"]
[Black "Cima,R"]
[Result "1-0"]
[WhiteElo "2237"]
[BlackElo "2130"]
[EventDate "2004.10.15"]

1. d4 c5 2. d5 e5 3. e4 d6 4. h3 Be7 5. Nf3 Nf6 6. Qe2 Bd7 7. c4 Na6 8. Nc3
Nc7 9. a3 a5 10. g3 Rb8 11. Nb5 O-O 12. a4 Na6 13. Bg2 Nb4 14. O-O Ne8 15.
Ne1 f5 16. f4 exf4 17. Bxf4 fxe4 18. Qxe4 Bf5 19. Qe2 Nc7 20. g4 Bg6 21.
Ra3 Nxb5 22. axb5 Bf6 23. Qe6+ Kh8 24. Qxd6 Bxb2 25. Qxb8 Qxb8 26. Bxb8
Rxf1+ 27. Kxf1 Bxa3 28. d6 Be8 29. Bxb7 Bb2 30. Be4 g6 31. Bc7 a4 32. b6 a3
33. b7 Na6 34. Bb1 Bf7 35. Ba2 1-0

[Event "36th Olympiad w"]
[Site "Calvia ESP"]
[Date "2004.10.15"]
[Round "1"]
[White "Jelica,M"]
[Black "Driza,A"]
[Result "1-0"]
[WhiteElo "2252"]
[BlackElo "2068"]
[EventDate "2004.10.15"]

1. e4 e5 2. Nc3 Nc6 3. g3 Nf6 4. Bg2 Bb4 5. Nge2 d6 6. h3 h6 7. a3 Bxc3 8.
dxc3 Be6 9. f4 Bc4 10. b3 Bxe2 11. Qxe2 Qe7 12. Bb2 O-O-O 13. O-O-O Kb8 14.
Rhe1 g5 15. Qf3 gxf4 16. gxf4 exf4 17. Qxf4 Ne5 18. c4 Nfd7 19. Kb1 Qg5 20.
Qf2 Rhg8 21. Bf1 Rg6 22. Bc1 Qf6 23. Bf4 Rdg8 24. Qe3 Qh4 25. c5 Rf6 26.
Bxe5 Nxe5 27. cxd6 Rxd6 28. Rxd6 cxd6 29. Rd1 Rg6 30. Qd4 Qe7 31. Be2 Re6
32. Qc3 Nd7 33. Bg4 Rxe4 34. Qh8+ Qf8 35. Qxf8+ Nxf8 36. Rxd6 Ne6 37. Rd7
Ng5 38. Rd8+ Kc7 39. Rc8+ Kb6 40. Rh8 Rf4 41. Rxh6+ f6 42. Kb2 Nf7 43. Rh7
Ne5 44. Bc8 Rd4 45. Rxb7+ Kc6 46. Rxa7 1-0

[Event "36th Olympiad w"]
[Site "Calvia ESP"]
[Date "2004.10.15"]
[Round "1"]
[White "Hernandez,Yu"]
[Black "Mohammed,J"]
[Result "1-0"]
[WhiteElo "2201"]
[BlackElo "1990"]
[EventDate "2004.10.15"]

1. e4 e5 2. Nf3 Nc6 3. Bb5 a6 4. Ba4 Nf6 5. d3 b5 6. Bb3 Be7 7. O-O O-O 8.
Re1 d6 9. c3 Na5 10. Bc2 c5 11. Nbd2 Re8 12. Nf1 Bf8 13. a4 Bb7 14. Ng3 g6
15. h3 Bg7 16. d4 Qc7 17. d5 c4 18. Be3 Bc8 19. Ra3 Bd7 20. Nd2 Nb7 21. Qf3
h6 22. Rea1 Rec8 23. Ngf1 Nc5 24. axb5 Bxb5 25. Bxh6 Bxh6 26. Qxf6 Bg7 27.
Qh4 Qd8 28. Qxd8+ Rxd8 29. Ne3 Rac8 30. Ndxc4 Nxe4 31. Na5 Nc5 32. c4 Bd7
33. b4 e4 34. bxc5 Bxa1 35. Rxa1 dxc5 36. Nb7 Rf8 37. Nd6 Ra8 38. Nxe4 Kg7
39. Nxc5 Rfd8 40. Nxd7 Rxd7 41. c5 Kf8 42. c6 Rc7 43. d6 Rcc8 44. d7 Rc7
45. Rxa6 1-0

[Event "36th Olympiad w"]
[Site "Calvia ESP"]
[Date "2004.10.16"]
[Round "2"]
[White "Zhukova,N"]
[Black "Hunt,H"]
[Result "1/2-1/2"]
[WhiteElo "2481"]
[BlackElo "2385"]
[EventDate "2004.10.15"]

1. d4 Nf6 2. c4 e6 3. Nc3 Bb4 4. Qc2 O-O 5. a3 Bxc3+ 6. Qxc3 b5 7. cxb5 c6
8. Bg5 cxb5 9. e3 Bb7 10. Nf3 h6 11. Bh4 a6 12. Bd3 Nc6 13. O-O Rc8 14. Qd2
g5 15. Bg3 Na5 16. Qe2 Ne4 17. Bxe4 Bxe4 18. Nd2 Bg6 19. Rac1 d5 20. f4 Nc4
21. Nb3 a5 22. Nc5 a4 23. fxg5 hxg5 24. Rc3 Qe7 25. b3 axb3 26. Rxb3 e5 27.
Qf2 Ra8 28. Rxb5 Rxa3 29. Rb7 Qd6 30. Nd7 Rfa8 31. Nxe5 Nxe5 32. Bxe5 Qe6
33. Qb2 Qa6 34. Rb8+ Kh7 35. Rxa8 Qxa8 36. Qf2 Ra1 37. Qf6 Rxf1+ 38. Kxf1
Bd3+ 39. Kf2 Qg8 40. g4 Be4 41. Ke2 Bc2 42. Kd2 Be4 43. h4 Qf8 44. Ke2 gxh4
45. Qxh4+ Qh6 46. Qe7 Qa6+ 47. Kf2 Kg6 48. Kg3 Qf1 49. Qd6+ f6 50. Qe6 Qf3+
51. Kh4 Qh1+ 52. Kg3 Qf3+ 1/2-1/2

[Event "36th Olympiad w"]
[Site "Calvia ESP"]
[Date "2004.10.16"]
[Round "2"]
[White "Alexandrova,O"]
[Black "Richards,H"]
[Result "1/2-1/2"]
[WhiteElo "2442"]
[BlackElo "2197"]
[EventDate "2004.10.15"]

1. d4 d5 2. c4 e6 3. Nf3 c5 4. cxd5 exd5 5. g3 Nc6 6. Bg2 Nf6 7. O-O Be7 8.
Nc3 O-O 9. Bg5 cxd4 10. Nxd4 h6 11. Be3 Re8 12. Rc1 Bg4 13. Nb3 Be6 14. Bc5
Rc8 15. Bxe7 Qxe7 16. Nd4 Nxd4 17. Qxd4 Rc4 18. Qd3 Qb4 19. b3 Rd4 20. Qc2
Ne4 21. Nb1 Bf5 22. a3 Qb5 23. Qb2 Qb6 24. Bf3 Bh3 25. Bg2 Bf5 26. Bf3 Bh3
27. Bg2 Bf5 1/2-1/2

[Event "36th Olympiad w"]
[Site "Calvia ESP"]
[Date "2004.10.16"]
[Round "2"]
[White "Muzychuk,A"]
[Black "Skripchenko,A"]
[Result "1/2-1/2"]
[WhiteElo "2383"]
[BlackElo "2474"]
[EventDate "2004.10.15"]

1. e4 c5 2. c4 Nc6 3. Ne2 Nf6 4. Nbc3 e6 5. d4 cxd4 6. Nxd4 Bb4 7. Nxc6
bxc6 8. Bd3 e5 9. O-O Bc5 10. Rb1 d6 11. b4 Bd4 12. Ne2 Bb6 13. Qc2 Qe7 14.
c5 dxc5 15. Be3 Nd7 16. Rfc1 c4 17. Qxc4 Bxe3 18. fxe3 O-O 19. Qxc6 Nb6 20.
Qc5 Qg5 21. h4 Qh6 22. Bb5 Bg4 23. Nc3 Rac8 24. Qxe5 Qxe3+ 25. Kh2 h5 26.
Qg3 Qd2 27. Qd3 Qf2 28. Qg3 Qd2 29. Qd3 1/2-1/2

[Event "36th Olympiad w"]
[Site "Calvia ESP"]
[Date "2004.10.16"]
[Round "2"]
[White "Burijovich,L"]
[Black "Voiska,M"]
[Result "1/2-1/2"]
[WhiteElo "2212"]
[BlackElo "2380"]
[EventDate "2004.10.15"]

1. e4 c5 2. Nf3 Nc6 3. d4 cxd4 4. Nxd4 Nf6 5. Nc3 e5 6. Ndb5 d6 7. Bg5 a6
8. Bxf6 gxf6 9. Na3 b5 10. Nd5 f5 11. exf5 Bxf5 12. c3 Bg7 13. Nc2 O-O 14.
Nce3 Be6 15. a4 bxa4 16. Rxa4 a5 17. Bd3 f5 18. Qh5 e4 19. Bc4 Ne5 20. Nf4
Bxc4 21. Nxc4 Qd7 22. Nb6 Qb5 23. Nbd5 Nd3+ 24. Nxd3 Qxd3 25. Nf4 Qb5 26.
Qd1 Qxb2 27. O-O Qxc3 28. Qxd6 Qe5 29. Qe6+ Kh8 30. g3 Rfe8 31. Qf7 Rf8 32.
Qa2 Bh6 33. Nd5 Rfb8 34. Rxa5 Rxa5 35. Qxa5 e3 36. Qc3 Qxc3 37. Nxc3 Rc8
38. Ne2 exf2+ 39. Kxf2 1/2-1/2

[Event "36th Olympiad w"]
[Site "Calvia ESP"]
[Date "2004.10.16"]
[Round "2"]
[White "Djingarova,E"]
[Black "Justo,V"]
[Result "1/2-1/2"]
[WhiteElo "2327"]
[BlackElo "2285"]
[EventDate "2004.10.15"]

1. e4 c5 2. Nf3 e6 3. d4 cxd4 4. Nxd4 Nf6 5. Nc3 Nc6 6. Nxc6 bxc6 7. Bd3
Qc7 8. Qe2 e5 9. O-O Be7 10. Kh1 O-O 11. f4 d6 12. fxe5 dxe5 13. Bc4 Bg4
14. Qe1 Bh5 15. Bg5 Rab8 16. Bb3 Bg6 17. Qh4 Rb4 18. Rae1 a5 19. a3 Rd4 20.
a4 Rb8 21. Bxf6 Bxf6 22. Qg4 Qd7 23. Qxd7 Rxd7 24. Rd1 Rbd8 25. Rxd7 Rxd7
26. Bc4 Rd4 27. Bd3 Be7 28. b3 Bb4 29. Ne2 Rd8 30. Ng3 f6 31. Rd1 Kf8 32.
Kg1 Ke7 33. Kf1 h6 34. Ke2 Rd6 35. h3 Rd4 36. Rc1 Ba3 1/2-1/2

[Event "36th Olympiad w"]
[Site "Calvia ESP"]
[Date "2004.10.16"]
[Round "2"]
[White "Igla,B"]
[Black "Vajda,S"]
[Result "1/2-1/2"]
[WhiteElo "2196"]
[BlackElo "2369"]
[EventDate "2004.10.15"]

1. d4 d5 2. c4 e6 3. Nc3 c5 4. Nf3 Nc6 5. e3 Nf6 6. cxd5 exd5 7. Be2 a6 8.
O-O c4 9. Ne5 Bd6 10. f4 O-O 11. Bf3 Bb4 12. Bd2 Bxc3 13. Bxc3 Bf5 14. b3
Ne4 15. Bxe4 Bxe4 16. bxc4 Nxe5 17. fxe5 Qg5 18. Qe2 dxc4 19. Rf4 Bd3 20.
Qf3 f5 21. exf6 Rxf6 22. Rxf6 Qxf6 23. Qxf6 gxf6 24. a4 Re8 25. Kf2 b5 26.
Ra2 Rb8 27. Rb2 Kf7 28. Kf3 f5 29. Kf4 Ke6 30. g4 fxg4 31. e4 Kd7 32. d5
Rf8+ 33. Kxg4 Bxe4 34. axb5 axb5 35. Rxb5 Rf2 36. Rc5 Bd3 37. Be5 h5+ 38.
Kg3 Rf5 39. Bf4 c3 40. Rc7+ Kd8 41. Rxc3 Rxd5 42. h4 Bf5 43. Re3 1/2-1/2

[Event "36th Olympiad w"]
[Site "Calvia ESP"]
[Date "2004.10.16"]
[Round "2"]
[White "Gara,A"]
[Black "Vasiliev,Olg"]
[Result "1/2-1/2"]
[WhiteElo "2390"]
[BlackElo "2167"]
[EventDate "2004.10.15"]

1. e4 c5 2. Nf3 Nc6 3. d4 cxd4 4. Nxd4 e5 5. Nb5 d6 6. c4 Be7 7. N1c3 a6 8.
Na3 h6 9. b3 Nf6 10. Bd3 Bg4 11. f3 Be6 12. O-O Nh5 13. g3 Bh3 14. Re1 Nb4
15. Nc2 Nxd3 16. Qxd3 O-O 17. Ne3 Bg5 18. Ba3 Qf6 19. Nf5 Bf4 20. Bxd6 Rfd8
21. Nd5 Qg5 22. Be7 f6 23. Qe2 g6 24. Kh1 Rxd5 25. cxd5 gxf5 26. Rg1 Bd2
27. f4 Qg4 28. Qxd2 Qf3+ 29. Rg2 fxe4 30. d6 Kf7 31. fxe5 fxe5 32. Qe2
Bxg2+ 33. Qxg2 Qxg2+ 34. Kxg2 Ke6 35. Re1 Rc8 36. Rxe4 Rc2+ 37. Kh3 Rxa2
38. Rh4 Ng7 39. Rxh6+ Kd7 40. Rh7 Ne6 41. Rh5 Re2 42. Kg4 e4 43. h4 Nd4 44.
Rh7 Nf3 45. Bf8+ Ke8 46. Bh6 Rf2 47. Be3 Ne5+ 48. Kh3 Rf7 49. Rxf7 Kxf7 50.
h5 b5 51. h6 Kg6 52. Bd2 a5 53. Bc3 Nd7 54. Bg7 a4 55. bxa4 bxa4 56. g4 Nc5
57. g5 a3 58. Kg3 a2 59. Kf2 Ne6 60. d7 Nxg7 61. hxg7 Kxg7 62. d8=Q a1=Q
63. Qe7+ 1/2-1/2

[Event "36th Olympiad w"]
[Site "Calvia ESP"]
[Date "2004.10.16"]
[Round "2"]
[White "Bosboom Lanchava,T"]
[Black "Medic,Mir"]
[Result "1-0"]
[WhiteElo "2352"]
[BlackElo "2237"]
[EventDate "2004.10.15"]

1. d4 d5 2. c4 e6 3. Nc3 Nf6 4. Nf3 Be7 5. cxd5 exd5 6. Bf4 c6 7. Qc2 O-O
8. e3 Nbd7 9. Bd3 Re8 10. h3 Nf8 11. O-O-O b5 12. Ne5 Bb7 13. Kb1 a5 14. g4
N6d7 15. Nxd7 Qxd7 16. g5 a4 17. h4 Bd6 18. Bxd6 Qxd6 19. h5 a3 20. b3 b4
21. Na4 Ba6 22. Bxa6 Rxa6 23. Nc5 Raa8 24. Qf5 Re7 25. Rdg1 g6 26. Qf6 Qxf6
27. gxf6 Rc7 28. Rg3 Nd7 29. hxg6 Nxf6 30. gxh7+ Kh8 31. Rhg1 Nxh7 32. Rg7
Nf6 33. Ne6 fxe6 34. Rxc7 1-0

[Event "36th Olympiad w"]
[Site "Calvia ESP"]
[Date "2004.10.16"]
[Round "2"]
[White "Macek,V"]
[Black "Schuurman,P"]
[Result "0-1"]
[WhiteElo "2230"]
[BlackElo "2333"]
[EventDate "2004.10.15"]

1. d4 c5 2. d5 Nf6 3. c4 b5 4. cxb5 a6 5. bxa6 g6 6. Nc3 Bxa6 7. e4 Bxf1 8.
Kxf1 d6 9. Nf3 Bg7 10. g3 O-O 11. Kg2 Nbd7 12. Re1 Ng4 13. h3 Nge5 14. Nxe5
Nxe5 15. Re2 Qa5 16. Rc2 Rfb8 17. Qe2 Qa6 18. Qxa6 Rxa6 19. a3 Nd3 20. Nd1
Ne1+ 0-1

[Event "36th Olympiad w"]
[Site "Calvia ESP"]
[Date "2004.10.16"]
[Round "2"]
[White "Muhren,B"]
[Black "Jelica,M"]
[Result "1/2-1/2"]
[WhiteElo "2343"]
[BlackElo "2252"]
[EventDate "2004.10.15"]

1. e4 c5 2. Nf3 d6 3. d4 cxd4 4. Nxd4 Nf6 5. Nc3 Bd7 6. f3 Nc6 7. Be3 e6 8.
Qd2 a6 9. g4 h6 10. h4 Be7 11. O-O-O b5 12. Rg1 Ne5 13. g5 hxg5 14. hxg5
Nh5 15. f4 Nc4 16. Bxc4 bxc4 17. g6 Qa5 18. gxf7+ Kxf7 19. Qg2 Bf6 20. e5
dxe5 21. Nb3 Qc7 22. Nc5 Bc6 23. Qg6+ Kg8 24. Nxe6 Qf7 25. Qg4 exf4 26.
Nxf4 Nxf4 27. Qxf4 Bxc3 28. bxc3 Qxf4 29. Bxf4 Rh5 30. Be3 Be8 31. Bd4 g6
32. Rde1 Rc8 33. Re7 Kf8 34. Ra7 a5 35. Rf1+ Rf5 36. Rh1 Rh5 37. Rf1+ Rf5
38. Re1 a4 39. a3 Rf7 40. Ra6 Rf5 41. Ra7 Rf7 42. Ra6 Rf5 43. Rae6 Bf7 44.
Rb6 Be8 45. Rh1 Rh5 46. Rf6+ Kg8 47. Rhf1 Rf5 48. R1xf5 gxf5 49. Rxf5 Rc6
50. Kd2 Rg6 51. Rf4 Bf7 52. Bf2 Rd6+ 53. Rd4 Rh6 54. Rd8+ Kh7 55. Rd7 Kg6
56. Rd6+ Kh5 57. Rxh6+ Kxh6 58. Ke3 Kg5 59. Kd4 Kf6 60. Kc5 Ke7 61. Kb4 Kd7
62. Kxa4 Kc6 63. Ka5 Kb7 64. Kb5 Be6 65. a4 1/2-1/2

[Event "36th Olympiad w"]
[Site "Calvia ESP"]
[Date "2004.10.16"]
[Round "2"]
[White "Dembo,Y"]
[Black "Calzetta,M"]
[Result "1-0"]
[WhiteElo "2396"]
[BlackElo "2311"]
[EventDate "2004.10.15"]

1. e4 c5 2. Nf3 d6 3. c3 Nf6 4. Be2 g6 5. O-O Bg7 6. Bb5+ Bd7 7. Bxd7+ Qxd7
8. Re1 O-O 9. d4 Na6 10. Bg5 Rfe8 11. Nbd2 Rac8 12. d5 e6 13. dxe6 Rxe6 14.
Qc2 Rce8 15. Rad1 Qc6 16. Qd3 Nc7 17. Bf4 h6 18. Bg3 Nh5 19. Nc4 Nxg3 20.
hxg3 Rxe4 21. Rxe4 Qxe4 22. Qxe4 Rxe4 23. Nxd6 Re2 24. Nxb7 Rxb2 25. Nxc5
Rxa2 26. Rd8+ Bf8 27. Rc8 Ne6 28. Nxe6 fxe6 29. Ne5 Kg7 30. Rc7+ Kf6 31. f4
Be7 32. c4 a5 33. c5 a4 34. Kh2 a3 35. Ra7 Rc2 36. Ng4+ Kf7 37. Ne5+ Kf6
38. Ng4+ Kf7 39. Rxa3 Rxc5 40. Ra7 Rh5+ 41. Kg1 g5 42. Ne5+ Kf6 43. Rxe7
Kxe7 44. g4 gxf4 1-0

[Event "36th Olympiad w"]
[Site "Calvia ESP"]
[Date "2004.10.16"]
[Round "2"]
[White "Garcia Vicente,N"]
[Black "Botsari,A"]
[Result "1/2-1/2"]
[WhiteElo "2213"]
[BlackElo "2362"]
[EventDate "2004.10.15"]

1. d4 b5 2. e4 Bb7 3. Bd3 e6 4. Nf3 a6 5. O-O Nf6 6. Nbd2 Be7 7. Re1 d6 8.
Qe2 c5 9. c3 Nbd7 10. a4 c4 11. Bb1 e5 12. b3 cxb3 13. axb5 Qb6 14. Nxb3
axb5 15. Rxa8+ Bxa8 16. Ba3 Qa7 17. Bb4 O-O 18. Qxb5 Rb8 19. Qa5 Qb7 20.
Qa2 Bf8 21. Na5 Qc7 22. d5 Nc5 23. Qc4 Nfd7 24. Qe2 f5 25. exf5 Bxd5 26.
Ba2 Nf6 27. Bxd5+ Nxd5 28. Qa2 h6 29. Qxd5+ Kh7 30. Bxc5 Qxa5 31. Qe6 Qxc5
32. Qg6+ Kg8 33. Qe6+ Kh7 34. Qg6+ Kg8 35. Qe6+ 1/2-1/2

[Event "36th Olympiad w"]
[Site "Calvia ESP"]
[Date "2004.10.16"]
[Round "2"]
[White "Makropoulou,M"]
[Black "Hernandez,Yu"]
[Result "0-1"]
[WhiteElo "2270"]
[BlackElo "2201"]
[EventDate "2004.10.15"]

1. e4 d6 2. d4 Nf6 3. Nc3 g6 4. Be3 c6 5. Qd2 b5 6. Bd3 a6 7. f3 Nbd7 8.
Nh3 e5 9. Nf2 Qe7 10. O-O Bg7 11. a4 Bb7 12. Ne2 O-O 13. c3 Rfe8 14. Bh6 d5
15. Bxg7 Kxg7 16. Ng3 Rad8 17. Rfe1 Qd6 18. Bc2 c5 19. axb5 axb5 20. exd5
cxd4 21. cxd4 Qxd5 22. Be4 Nxe4 23. fxe4 Qxd4 24. Qg5 Kh8 25. Rad1 Qb6 26.
Rd2 f6 27. Qh6 Nc5 28. Rxd8 Rxd8 29. Kh1 Bc8 30. h4 Ne6 31. Ng4 Nf4 32. Ne3
Qc7 33. Nd5 Qg7 34. Qxg7+ Kxg7 35. Nxf4 exf4 36. Ne2 g5 37. hxg5 fxg5 38.
Nc3 b4 39. Nd5 b3 40. Rc1 Be6 41. Rc7+ Kg6 42. Rc6 Kf7 43. Rc7+ Rd7 44. Rc5
Bxd5 45. exd5 Kf6 46. Kg1 Rd6 47. Kf2 Ke5 48. Rb5 Rxd5 49. Rxb3 Ke4 50. Ke2
h5 51. Rb8 Kf5 52. b4 Kg4 53. b5 Kg3 54. b6 g4 55. b7 Rb5 56. Kd3 Kxg2 57.
Rf8 Rxb7 58. Rxf4 Re7 59. Ra4 Kg3 60. Kd4 Kh3 61. Ra1 g3 0-1

[Event "36th Olympiad w"]
[Site "Calvia ESP"]
[Date "2004.10.16"]
[Round "2"]
[White "Zigangirova,S"]
[Black "Khamrakulova,I"]
[Result "1-0"]
[WhiteElo "2330"]
[BlackElo "2217"]
[EventDate "2004.10.15"]

1. e4 c5 2. Nf3 Nc6 3. d4 cxd4 4. Nxd4 g6 5. c4 Bg7 6. Be3 Nf6 7. Nc3 d6 8.
Be2 O-O 9. O-O Bd7 10. f3 a5 11. Qd2 Nxd4 12. Bxd4 Bc6 13. Rab1 Nd7 14. Be3
Nc5 15. b3 f5 16. exf5 Rxf5 17. Rfd1 Rb8 18. Nb5 Bxb5 19. cxb5 Kh8 20. Bc4
b6 21. Bd5 Rc8 22. Re1 e6 23. Bc6 Be5 24. a3 d5 25. b4 axb4 26. axb4 Na4
27. Bd4 Qf6 28. Rxe5 Rxe5 29. f4 Kg8 30. Bxe5 1-0

[Event "36th Olympiad w"]
[Site "Calvia ESP"]
[Date "2004.10.16"]
[Round "2"]
[White "Khegai,A"]
[Black "Ankudinova,E"]
[Result "0-1"]
[WhiteElo "2239"]
[BlackElo "2243"]
[EventDate "2004.10.15"]

1. d4 Nf6 2. Nf3 b6 3. g3 Bb7 4. Bg2 e6 5. O-O c5 6. e3 Be7 7. c4 Qc8 8. b3
cxd4 9. exd4 d5 10. Nbd2 O-O 11. Bb2 dxc4 12. bxc4 Nc6 13. Rc1 Rd8 14. Qe2
Qc7 15. Rfd1 Rac8 16. Bh3 Ra8 17. Nb3 a5 18. a4 Ba6 19. Ng5 h6 20. Ne4 Nb4
21. Nbd2 Ne8 22. Bf1 Qd7 23. Nc3 Qxd4 24. Nde4 Qe5 25. Nd5 Qb8 26. Nxe7+
Kf8 27. Qg4 Kxe7 28. Bxg7 Nxg7 29. Qxg7 Ra7 30. Qf6+ Ke8 31. Nd6+ Qxd6 32.
Rxd6 Rxd6 33. Qxh6 Rad7 34. Qh8+ Ke7 35. Be2 Rd2 36. Bf3 Nd3 37. Rf1 Nc5
38. Bc6 R7d4 39. Qe8+ Kf6 40. h4 Rd8 41. g4 Rxe8 42. Bxe8 Bxc4 43. Rb1 Bb3
44. g5+ Ke7 45. g6 fxg6 46. Bxg6 Rd4 47. h5 Kf6 48. Rb2 Rxa4 0-1

[Event "36th Olympiad w"]
[Site "Calvia ESP"]
[Date "2004.10.16"]
[Round "2"]
[White "Bashkite,V"]
[Black "Nguyen Thi Thanh An"]
[Result "1/2-1/2"]
[WhiteElo "2206"]
[BlackElo "2345"]
[EventDate "2004.10.15"]

1. c4 Nf6 2. Nc3 g6 3. g3 Bg7 4. Bg2 O-O 5. Nf3 d6 6. O-O e5 7. d3 Nc6 8.
Bg5 h6 9. Bxf6 Bxf6 10. Nd5 Bg7 11. Rb1 Be6 12. Ne1 Qd7 13. Nc2 Rae8 14. b4
Nd8 15. b5 c6 16. bxc6 bxc6 17. Nc3 f5 18. Qd2 d5 19. cxd5 cxd5 20. d4 e4
21. e3 g5 22. Ne2 Nf7 23. Nb4 Nd6 24. Na6 Nc4 25. Qb4 Rf7 26. Nc5 Qc8 27.
Nxe6 Qxe6 28. Rfc1 Bf8 29. Qa4 Rc8 30. Qd1 Ba3 31. Rc3 Bd6 32. Bh3 Qg6 33.
Rb5 Qh5 34. Bg2 Rfc7 35. Rxd5 Bb4 36. Rb3 Nd2 37. Rxb4 Rc1 38. Rd8+ Kf7 39.
Rb7+ Ke6 40. d5+ Kf6 41. Rf8+ Kg6 42. Rg8+ 1/2-1/2

[Event "36th Olympiad w"]
[Site "Calvia ESP"]
[Date "2004.10.16"]
[Round "2"]
[White "Le Kieu Thien Kim"]
[Black "Piarnpuu,L"]
[Result "1-0"]
[WhiteElo "2329"]
[BlackElo "2227"]
[EventDate "2004.10.15"]

1. e4 e5 2. Nf3 Nc6 3. Nc3 Nf6 4. d4 exd4 5. Nd5 Be7 6. Bf4 d6 7. Nxd4 Nxd5
8. exd5 Nxd4 9. Qxd4 O-O 10. O-O-O Bf6 11. Qd2 Be5 12. Bg5 Bf6 13. Be3 a5
14. Be2 a4 15. a3 Bd7 16. g4 g6 17. h4 Re8 18. g5 Bg7 19. h5 Qe7 20. Bf3
Bf5 21. Rhe1 Qd7 22. h6 Be5 23. Be2 c5 24. dxc6 Qxc6 25. Bd3 Bxd3 26. Qxd3
Qf3 27. Kb1 Rac8 28. Bc1 Qxf2 29. Qe4 b5 30. Re2 Qb6 31. Bf4 Qb8 32. Qf3
Qa8 33. Qf1 Bh8 34. Bxd6 Rxe2 35. Qxe2 Qc6 36. Bb4 f5 37. Rd6 Qh1+ 38. Ka2
Qe4 39. Qxe4 fxe4 40. Re6 Bd4 41. Rxe4 Bc5 42. c3 Bxb4 43. axb4 Kf7 44. Re5
Rb8 45. Kb1 Rb6 46. Kc2 Rb7 47. Kd3 Rd7+ 48. Ke3 Rd1 49. Rxb5 Rb1 50. Ra5
Rxb2 51. Rxa4 Ke6 52. Ra5 Kd6 53. Kd4 Rd2+ 54. Kc4 Rg2 55. Rc5 1-0

[Event "36th Olympiad w"]
[Site "Calvia ESP"]
[Date "2004.10.16"]
[Round "2"]
[White "Brokko Olde,M"]
[Black "Le Thi Phuong Lien"]
[Result "0-1"]
[WhiteElo "2114"]
[BlackElo "2249"]
[EventDate "2004.10.15"]

1. e4 e5 2. Nf3 Nf6 3. Nxe5 d6 4. Nf3 Nxe4 5. Qe2 Qe7 6. d3 Nf6 7. Bg5
Qxe2+ 8. Bxe2 Be7 9. Nc3 h6 10. Bh4 c6 11. Ne4 Nbd7 12. O-O-O O-O 13. Rhe1
d5 14. Nxf6+ Bxf6 15. Bxf6 Nxf6 16. Ne5 d4 17. f4 Nd5 18. g3 Be6 19. Bg4
Bxg4 20. Nxg4 Rfe8 21. Re4 f5 22. Rxe8+ Rxe8 23. Ne5 c5 24. Kd2 g5 25. Rf1
Kg7 26. c3 dxc3+ 27. bxc3 g4 28. Rb1 Re7 29. Rb5 b6 30. Rb3 h5 31. Ra3 Rc7
32. Nc4 Kf6 33. Ra6 h4 34. Ne3 Nxe3 35. Kxe3 h3 36. a4 Re7+ 37. Kd2 Ke6 38.
a5 Rb7 39. Ke3 Kd6 40. axb6 axb6 41. c4 Kc6 42. Ra8 b5 43. Ra6+ Kc7 44.
cxb5 Rxb5 45. Ra2 Rb3 46. Ra5 Kb6 47. Ra8 Kb7 48. Rf8 Rb2 49. Rxf5 Rxh2 50.
Rg5 Rh1 51. Kf2 Rd1 52. Rh5 Rxd3 53. Rxc5 Rf3+ 54. Kg1 Rxg3+ 55. Kh1 Rf3
56. f5 g3 57. f6 Rf1+ 0-1

[Event "36th Olympiad w"]
[Site "Calvia ESP"]
[Date "2004.10.16"]
[Round "2"]
[White "Agrest,S"]
[Black "Vasquez Ramirez,R"]
[Result "1-0"]
[WhiteElo "2238"]
[BlackElo "2257"]
[EventDate "2004.10.15"]

1. e4 c5 2. Nf3 e6 3. d3 Nc6 4. g3 d5 5. Nbd2 Nf6 6. Bg2 Be7 7. O-O O-O 8.
e5 Nd7 9. Re1 b5 10. h4 Re8 11. Nf1 f5 12. exf6 Nxf6 13. Bf4 Bd6 14. Ne5
Qc7 15. Qe2 Nd4 16. Qd2 Nh5 17. c3 Nxf4 18. cxd4 Nxg2 19. Kxg2 cxd4 20.
Rac1 Qe7 21. Qf4 Bc5 22. Rxc5 Qf8 23. Qxd4 1-0

[Event "36th Olympiad w"]
[Site "Calvia ESP"]
[Date "2004.10.16"]
[Round "2"]
[White "Rojas,Je"]
[Black "Johansson,V"]
[Result "1/2-1/2"]
[WhiteElo "2082"]
[BlackElo "2189"]
[EventDate "2004.10.15"]

1. d4 d5 2. c4 c6 3. cxd5 cxd5 4. Nc3 Nc6 5. Bf4 e5 6. Be3 e4 7. a3 Nf6 8.
Rc1 Be7 9. Bf4 O-O 10. e3 a6 11. Nge2 Bg4 12. Qb3 Na5 13. Qa2 Rc8 14. Ng3
b5 15. Be2 Bxe2 16. Kxe2 Qd7 17. Rhd1 Rc6 18. Kf1 Rfc8 19. Kg1 h6 20. Nge2
Nc4 21. h3 Nh5 22. Kh1 Bg5 23. Bxg5 hxg5 24. b3 Nb6 25. Qd2 g4 26. Ng1 gxh3
27. Nxh3 Rh6 28. Ne2 Nf6 29. Rxc8+ Nxc8 30. Kg1 Qg4 31. Ng3 Nd6 32. Qe2 Qd7
33. Rc1 Nfe8 34. Rc5 Nc7 35. b4 Ne6 36. Rc3 1/2-1/2

[Event "36th Olympiad w"]
[Site "Calvia ESP"]
[Date "2004.10.16"]
[Round "2"]
[White "Petrenko,S"]
[Black "Paridar,S"]
[Result "1-0"]
[WhiteElo "2323"]
[BlackElo "2242"]
[EventDate "2004.10.15"]

1. e4 c5 2. Nf3 Nc6 3. d4 cxd4 4. Nxd4 Qc7 5. Nb5 Qb8 6. c4 a6 7. N5c3 e6
8. Be3 Nf6 9. Be2 Bd6 10. h3 O-O 11. O-O Bc7 12. Qc2 b6 13. Rd1 Ne7 14. Nd2
Bb7 15. Nf3 h6 16. a4 d5 17. exd5 exd5 18. c5 bxc5 19. Bxc5 Re8 20. Bd3 Nc8
21. Re1 Nd6 22. Rxe8+ Qxe8 23. Bd4 Qd8 24. Rd1 Rc8 25. Qe2 a5 26. Ne5 Nde4
27. Nb5 Bb6 28. Qe3 Bxd4 29. Qxd4 Qe7 30. Re1 Re8 31. Nf3 Qd7 32. Rc1 Rc8
33. Rd1 Nc5 34. Bf1 Ne6 35. Qb6 Ra8 36. Ne5 Qe7 37. Nd6 Nd8 38. Nexf7 Nd7
39. Qc7 Nxf7 40. Nxb7 Rf8 41. Bb5 Nfe5 42. Qd6 Qh4 43. Qxd5+ Kh8 44. Bxd7
Qxf2+ 45. Kh1 Qg3 46. Nc5 Rf2 47. Qa8+ Kh7 48. Qe4+ g6 49. Bg4 Rf4 50. Qe1
Rf2 51. Qe4 Rf4 52. Qb7+ Rf7 53. Qb3 Qf2 54. Be6 Rf8 55. Nd7 Rf3 56. Qb7
Qe2 57. Nxe5+ 1-0